| 000 | 01322cam a2200325 a 4500 | ||
|---|---|---|---|
| 999 |
_c331038 _d331038 |
||
| 001 | 17440290 | ||
| 003 | NUST | ||
| 005 | 20180117090030.0 | ||
| 008 | 120823s2014 caua b 001 0 eng | ||
| 010 | _a 2012034357 | ||
| 020 | _a9781452268392 (spiral) | ||
| 040 |
_aDLC _cDLC _dDLC |
||
| 042 | _apcc | ||
| 050 | 0 | 0 |
_aBF76.7 _b.S39 2014 |
| 082 | 0 | 0 |
_a808.06/615 _223 |
| 100 | 1 |
_aSchwartz, Beth M. _94444 |
|
| 245 | 1 | 3 |
_aAn easyguide to APA style / _cBeth M. Schwartz, R. Eric Landrum, Regan A. R. Gurung. |
| 250 | _a2nd ed. | ||
| 260 |
_aLos Angeles : _bSAGE Publications, _cc2014. |
||
| 300 |
_axvi, 234 p. : _bill. ; _c23 cm. |
||
| 504 | _aIncludes bibliographical references (p. 219-222) and index. | ||
| 650 | 0 |
_aPsychology _xAuthorship _vStyle manuals. _93173 |
|
| 650 | 0 |
_aSocial sciences _xAuthorship _vStyle manuals. _93174 |
|
| 700 | 1 |
_aLandrum, R. Eric. _94445 |
|
| 700 | 1 |
_aGurung, Regan A. R. _94446 |
|
| 906 |
_a7 _bcbc _corignew _d1 _eecip _f20 _gy-gencatlg |
||
| 942 |
_2ddc _cBK |
||